Redes comunitarias: afluencias teórico metodológicas y crónicas de intervención profesional
Salvato in:
| Autore principale: | |
|---|---|
| Natura: | Libro |
| Lingua: | spagnolo |
| Pubblicazione: |
Buenos Aires
Espacio
2008
|
| Edizione: | 1a. ed |
| Serie: | Ciencias Sociales Novedades
|
| Soggetti: | |
| Tags: |
Aggiungi Tag
Nessun Tag, puoi essere il primo ad aggiungerne!!
|
MARC
| LEADER | 00000cam a2200000 a 4500 | ||
|---|---|---|---|
| 001 | UCH1395 | ||
| 003 | CL-VaPUC | ||
| 008 | 090427e20080000AG |||||||||||||||||spa|d | ||
| 020 | |a 9789508022790 | ||
| 082 | 0 | 4 | |a 361.06 |b NUÑ |2 21 |
| 100 | |a Núñez, Rodolfo Alberto |e autor |9 535878 | ||
| 245 | 1 | 0 | |a Redes comunitarias: afluencias teórico metodológicas y crónicas de intervención profesional |
| 250 | |a 1a. ed | ||
| 300 | |a 120 p | ||
| 942 | |c BK | ||
| 945 | |d 20090427 00:00:00 |a rbrito | ||
| 260 | |a Buenos Aires |b Espacio |c 2008 | ||
| 650 | 7 | |a REDES COMUNITARIAS |2 CL-VaPUC |9 535879 | |
| 650 | 0 | |a Trabajo social |9 307856 | |
| 583 | |a last modification |c 20130703 01:00:03 |k Rodrigo Vera | ||
| 490 | 0 | |a Ciencias Sociales Novedades | |
| 999 | |c 333446 |d 333444 | ||
| 952 | |0 0 |1 0 |4 0 |6 361_060000000000000_NUÑ_2008 |7 0 |8 A |9 421850 |a BIBGIM |b BIBGIM |d 2019-11-22 |i 4540328 |o 361.06 NUÑ 2008 |p 4540328 |r 2025-01-15 |w 2019-11-22 |y BK |k SSL | ||
| 952 | |0 0 |1 0 |4 0 |6 361_060000000000000_NUÑ_2008 |7 0 |8 A |9 421851 |a BIBGIM |b BIBGIM |d 2019-11-22 |i 4988035 |l 1 |o 361.06 NUÑ 2008 |p 4988035 |r 2025-01-17 |s 2024-12-18 |w 2019-11-22 |y BK |k SSL | ||